Types de repas - Statistiques

Statistiques générales
  • Ce quiz a été pris 1 679 fois
  • Le résultat moyen est 7 sur 13
Statistiques - réponses
Indice Réponse % Correct
Repas du soir Dîner
99%
Le premier repas du jour Petit déjeuner
99%
Repas du midi Déjeuner
98%
Repas sucré proposé habituellement aux enfants en milieu d'après-midi Goûter
96%
Repas qui combine les deux réponses précédentes, principalement pratiqué le week-end Brunch
81%
Censé ouvrir l'appétit, souvent accompagnée de boissons alcoolisées Apéritif
77%
Repas, généralement froid, préparé pour servir en cas de besoin En-cas
41%
Repas pris chaque soir par les musulmans au coucher du soleil lors du ramadan Ftour
38%
Repas léger pris en milieu d'après-midi Collation
37%
Repas modeste, parfois simplement constitué de croûtes de pain Croustille
23%
Repas pris tard le soir, souvent composé des restes de la journée Le cinquième
2%
Repas que prennent les musulmans pendant le mois de ramadan un peu avant l'aube Sahor
1%
Repas de la mi-matinée dans la zone légumière et plus généralement dans le Léon Gortozenn
0%
Aucun quiz correspondant
Distribution des résultats
% des personnes avec chaque résultat
Percentile par nombre de réponses
Votre historique - résultats
Vous n’avez pas pris ce quiz